000 00343nam a22001457a 4500
003 SGT
082 _a617.643
_bE21B
100 _aBhargava, Akriti
245 _a3D Evaluation of impacted teeth....
260 _aGurugram, Haryana
_bSGT University
_c2021
300 _a80
650 _aOrthodontics
653 _aOrthodontics
942 _2ddc
_cTH
999 _c23585
_d23585